Decision support systems: current practice and continuing challenges
Uloženo v:
| Hlavní autor: | |
|---|---|
| Médium: | Kniha |
| Jazyk: | angličtina |
| Vydáno: |
Reading
Addison-Wesley
1980
|
| Témata: | |
| Tagy: |
Přidat tag
Žádné tagy, Buďte první, kdo vytvoří štítek k tomuto záznamu!
|
MARC
| LEADER | 00000nam a2200000 a 4500 | ||
|---|---|---|---|
| 001 | UCQ1759 | ||
| 003 | CL-VaPUC | ||
| 008 | 980721e19800000US |||||||||||||||||eng|d | ||
| 082 | 0 | 4 | |a 658.05 |b ALT |2 21 |
| 100 | 0 | |a Alter, Steven |e author |9 415540 | |
| 245 | 1 | 0 | |a Decision support systems: current practice and continuing challenges |
| 300 | |a 316 p | ||
| 942 | |c BK | ||
| 945 | |d 19980721 00:00:00 |a cmena | ||
| 260 | |a Reading |b Addison-Wesley |c 1980 | ||
| 650 | 0 | |a Administración de empresas |9 260833 | |
| 650 | 0 | |a Aplicaciones de computadores |9 260401 | |
| 650 | 0 | |a Toma de decisiones |9 257530 | |
| 650 | 0 | |a Análisis de la información |9 306986 | |
| 583 | |a last modification |c 19980721 00:00:00 |k Rodrigo Vera | ||
| 999 | |c 272603 |d 272601 | ||
| 952 | |0 0 |1 0 |4 0 |6 658_050000000000000_ALT_1980 |7 0 |8 P |9 307714 |a BIBGIM |b BIBGIM |d 2019-11-20 |i 1437755 |o 658.05 ALT 1980 |p 1437755 |r 2025-01-15 |w 2019-11-20 |y BK |k COM | ||